000 00770nam a2200253Ia 4500
003 OSt
005 20220923222805.0
006 a|||||r|||| 00| 0
007 ta
008 220922b |||||||| |||| 00| 0 hin d
024 _a207,998
037 _cTextual
040 _aARTS
_cARTS
_bhin
041 _2hin
_ahin
082 _aO152,3NRA7,RC, N3
100 _aरचना प्रकाश
_9156291
245 0 _aरेखा चक्र
246 _aRekhā chakra
260 _aदिल्ली
_b शारदा प्रका0
_c1993
300 _a227पृ.
_ccm.
650 _aहिन्दी साहित्य
_9156264
942 _hO152,3NRA7,RC, N3
_cTEXL
_2CC
999 _c358594
_d358594